000 00481cam a2200181ua 4500
001 3292
008 111014n ii |||gr||||Z||||||asm
040 _cMAIN
082 _a891.4512
100 1 _aSarmah, Thaneswar,
_eAuthor.
245 1 1 _aMahakavi kalidas abhijnanasakuntalm
_cby Thaneswar Sarmah
250 _a4th.
260 _aGuahati:
_bChandra Prakash,
_c2001.
300 _a242p:
_c23cm.
653 _aAssamese
653 _aMahakavi kalidas abhijnanasakuntalm
942 _cBK
999 _c3137
_d3137